Italia vol. 3 (Lp Vpa 8126) (Record no. 99076)
[ view plain ]
| 000 -LEADER | |
|---|---|
| fixed length control field | 01465njm a2200301Ia 4500 |
| 001 - CONTROL NUMBER | |
| control field | 20842 |
| 003 - CONTROL NUMBER IDENTIFIER | |
| control field | IT-RoPAU |
| 005 - DATE AND TIME OF LATEST TRANSACTION | |
| control field | 20220918181112.0 |
| 008 - FIXED-LENGTH DATA ELEMENTS--GENERAL INFORMATION | |
| fixed length control field | 131025s9999 xx 000 0 und d |
| 040 ## - CATALOGING SOURCE | |
| Original cataloging agency | IT-RoPAU |
| 040 ## - CATALOGING SOURCE | |
| Transcribing agency | IT-RoPAU |
| 041 ## - LANGUAGE CODE | |
| Language code of text/sound track or separate title | ITALIANO |
| 999 ## - SYSTEM CONTROL NUMBERS (KOHA) | |
| Koha Dewey Subclass [OBSOLETE] | n.d. |
| 100 ## - MAIN ENTRY--PERSONAL NAME | |
| Personal name | AA.VV. |
| 9 (RLIN) | 794 |
| 100 ## - MAIN ENTRY--PERSONAL NAME | |
| Relator term | Autore musica |
| 9 (RLIN) | 4003 |
| 100 ## - MAIN ENTRY--PERSONAL NAME | |
| Miscellaneous information | Codice autore musica SPICS: 12000 |
| 9 (RLIN) | 796 |
| 245 ## - TITLE STATEMENT | |
| Title | Italia vol. 3 (Lp Vpa 8126) |
| 250 ## - EDITION STATEMENT | |
| Edition statement | 1a ed. |
| 260 ## - PUBLICATION, DISTRIBUTION, ETC. (IMPRINT) | |
| Place of publication, distribution, etc. | MILANO |
| 260 ## - PUBLICATION, DISTRIBUTION, ETC. (IMPRINT) | |
| Name of publisher, distributor, etc. | VEDETTE RECORDS |
| Date of publication, distribution, etc. | 1971 [1a Ed.:1971 - Ed. Lingua Orig.: 1971] |
| 300 ## - PHYSICAL DESCRIPTION | |
| Extent | DISCO |
| 300 ## - PHYSICAL DESCRIPTION | |
| Dimensions | 48 minuti (Testo: 12 pag.) |
| 500 ## - GENERAL NOTE | |
| General note | Canto lirico e satirico. Polivocalità. Documenti originali del folklore musicale europeo |
| 505 ## - FORMATTED CONTENTS NOTE | |
| Formatted contents note | Canto a Vatoccu (Umbria) - Canto a la Longa (Jougoslavia) - L'usignolo trallallero (Liguria) - Lingua serpentina (Liguria) - O mamma mia Marideme (Emilia) - Bei stornelli (Toscana) - Tasgia (Sardegna) - Villotta [(El me murus sl sta de la del Seri) (Lombardia)] - E' qui il martello (Lombardia) - Serenata (Puglia) - Corona d'oro (Calabria) - Stornelli (Abruzzo) - Canzune (Sicilia) - Stornelli (Toscana) - Stranot (Piemonte) - Muttos; bellezza cardellina, sa pizzu de sa reina (Sardegna) - Antoni Giacuantoni (Comunità Provenzale-Piemonte) - Maritza (Friuli) |
| 650 ## - SUBJECT ADDED ENTRY--TOPICAL TERM | |
| Topical term or geographic name as entry element | FOLK [DISCHI] |
| Relator term | Codice MATERIA SPICS: 9950 |
| 9 (RLIN) | 1209 |
| 700 ## - ADDED ENTRY--PERSONAL NAME | |
| Personal name | Leydi Roberto |
| Relator term | Autore |
| Miscellaneous information | Codice autore SPICS: 4644 |
| 9 (RLIN) | 4004 |
| 942 ## - ADDED ENTRY ELEMENTS (KOHA) | |
| Koha item type | DISCHI |
| Source of classification or shelving scheme | Dewey Decimal Classification |
| Withdrawn status | Lost status | Damaged status | Not for loan | Home library | Current library | Date acquired | Total Checkouts | Full call number | Date last seen | Price effective from | Koha item type | Public note |
|---|---|---|---|---|---|---|---|---|---|---|---|---|
| Buone Condizioni | Not For Loan | SPICS-MEDIATECA | SPICS-MEDIATECA | 25/10/2013 | 20842 | 25/10/2013 | 25/10/2013 | DISCHI | Progr. Ins.: 4145 / N.Vol.: 1 / Copie: 1 - Copia rara: n.d. / date import: 01.01.2014 - By Epidotti, Trombetti, Vaglietti |